00531nam a2200205 a 4500001001300000003000900013005001700022008004100039020000800080082002200088100001600110245004700126260004200173300000900215500003500224505001000259650002700269650001300296700001600309nice12345678IN_TiNIC20260116011351.0050524s1940 boma grp 000 0 eng  ac500a323.39710954bSAI aSaiyid, M H aIndia`s Problem of Her Future Constitution aBombaybM H Saiydi Publicationsc1940 a152p aincludes index and biblioraphy2 aIndex aMuslims-India-Politics aPakistan1 aSaiyid, M H